00702nam a2200241 a 4500001001300000003000900013005001700022008004100039020002300080082001300103100001700116245005300133260003200186300000900218500003500227505001000262650002500272700001700297902000800314942000700322952011400329999001700443nice12345678IN_TiNIC20260116014159.0100119s2009 dela grp 000 0 eng  a9788172734794c80000a306bDOM aDominic, K V aPostcolonial Readings in Indo-Anglian Literature aDelhi bAuthor Press c2009 a306p aincludes index and biblioraphy2 aIndex aPost Colonial Theory1 aDominic, K V bSRS cBK 001040708StackRoom-aHMIbHMId2010-01-19g800.00l0o306 DOMp023086r2010-01-19v800.00w2010-01-19yBK c14210d14210